La Expansión del Derecho Penal (Registro nro. 794)
[ vista simple ]
| 000 -Cabecera | |
|---|---|
| Campo de control de longitud fija | 00723ata a2200277 4500 |
| 005 - Fecha y hora de la última transacción | |
| Campo de control | 20240813154528.0 |
| 008 - Elementos de longitud fija--Información general | |
| Campo de control de longitud fija | 150908b xxu||||| |||| 00| 0 spa d |
| 020 ## - International Standard Book Number | |
| Número Internacional Estándar del Libro (ISBN) | 9789974578639 |
| 041 ## - Idioma | |
| Código de idioma | Español |
| 082 ## - Clasificación Decimal Dewey | |
| Número de clasificación | 345 S585e2 |
| 100 ## - Entrada principal--Autor personal | |
| Nombre personal | Silva Sánchez, Jesús María |
| 9 (RLIN) | 20898 |
| 245 ## - Título propiamente dicho | |
| Título | La Expansión del Derecho Penal |
| 260 ## - Pie de imprenta | |
| Lugar de publicación, distribución, etc. | Argentina |
| 260 ## - Pie de imprenta | |
| Nombre del editor, distribuidor, etc. | Euros Editores |
| 260 ## - Pie de imprenta | |
| Fecha de publicación, distribución, etc. | 2008 |
| 300 ## - Descripción física | |
| Extensión | 269 páginas |
| 650 ## - Materia general | |
| Temática (materia general) | DERECHO PENAL |
| 650 ## - Materia general | |
| Temática (materia general) | POLÍTICA CRIMINAL |
| 650 ## - Materia general | |
| Temática (materia general) | INSEGURIDAD |
| 650 ## - Materia general | |
| Temática (materia general) | VICTIMA DEL DELITO |
| 650 ## - Materia general | |
| Temática (materia general) | GLOBALIZACIÓN ECONÓMICA |
| 650 ## - Materia general | |
| Temática (materia general) | ADMINISTRACIÓN DEL DERECHO PENAL |
| 650 ## - Materia general | |
| Temática (materia general) | DERECHO PENAL LIBERAL |
| 942 ## - Punto de acceso adicional KOHA | |
| Tipo de ítem KOHA | Libro |
| Fuente del sistema de clasificación o colocación | Dewey Decimal Classification |
| Signatura completa | Código de barras | Tipo de ítem |
|---|---|---|
| 345 S585e | 2046 | Libro |
| 345 S585e | 2047 | Libro |